Marine environmental pollution. (Record no. 3338)
[ view plain ]
| 000 -LEADER | |
|---|---|
| fixed length control field | 03329cam a2200409 a 4500 |
| 006 - FIXED-LENGTH DATA ELEMENTS--ADDITIONAL MATERIAL CHARACTERISTICS--GENERAL INFORMATION | |
| fixed length control field | m o d |
| 007 - PHYSICAL DESCRIPTION FIXED FIELD--GENERAL INFORMATION | |
| fixed length control field | cr cn||||||||| |
| 008 - FIXED-LENGTH DATA ELEMENTS--GENERAL INFORMATION | |
| fixed length control field | 090728s1981 ne a ob 001 0 eng d |
| 020 ## - INTERNATIONAL STANDARD BOOK NUMBER | |
| International Standard Book Number | 9780444418555 |
| 020 ## - INTERNATIONAL STANDARD BOOK NUMBER | |
| International Standard Book Number | 0444418555 |
| 040 ## - CATALOGING SOURCE | |
| Original cataloging agency | IMU Kochi Library |
| Language of cataloging | eng |
| 041 0# - LANGUAGE CODE | |
| Language code of text/sound track or separate title | eng |
| 082 04 - DEWEY DECIMAL CLASSIFICATION NUMBER | |
| Classification number | 574.5/2636 |
| Edition number | 22 |
| 245 00 - TITLE STATEMENT | |
| Title | Marine environmental pollution. |
| Number of part/section of a work | 2, |
| Name of part/section of a work | Dumping and mining / |
| 246 3# - VARYING FORM OF TITLE | |
| Title proper/short title | Dumping and mining |
| 260 ## - PUBLICATION, DISTRIBUTION, ETC. (IMPRINT) | |
| Place of publication, distribution, etc | Amsterdam ; |
| -- | New York : |
| Name of publisher, distributor, etc | Elsevier Scientific Pub. Co. ; |
| Place of publication, distribution, etc | New York, N.Y. : |
| Name of publisher, distributor, etc | Distributors for the U.S. and Canada, Elsevier/North-Holland, |
| Date of publication, distribution, etc | 1981. |
| 300 ## - PHYSICAL DESCRIPTION | |
| Extent | 1 online resource (1 volume) : |
| Other physical details | illustrations |
| 490 1# - SERIES STATEMENT | |
| Series statement | Elsevier oceanography series ; |
| Volume number/sequential designation | v. 27, pt. 2 |
| 505 0# - FORMATTED CONTENTS NOTE | |
| Formatted contents note | Coastal zone. Effects of municipal discharges on open coastal ecosystems / Alan J. Mearns -- Ecological survey of the Gulf of Naples area, conducted during Sept. 15 to Oct. 15, 1976 for the region of Campania / Carl H. Oppenheimer, Dorothy P. Oppenheimer, Roberto Blundo -- Heavy metals and chlorinated hydrocarbons in the Mediterranean / Michael Bernhard -- History of heavy-metal inputs to Mississippi Delta sediments / John H. Trefry, Robert F. Shokes -- Heterotrophic microbial activity in experimentally perturbed marine ecosystems / P.A. Gillespie, R.F. Vaccaro -- Dredging equipment and the ffects of dredging on the environment / John B. Herbich -- Environmental effects of unconfined and confined disposal of dredged materials in open water / John B. Herbich -- Changes in a harbor ecosystem following "improved" waste treament / Dorothy F. Soule -- Ocean disposal and mining. Suspended matetr as a carrier for pollutants in estuaries and the sea / D. Eisma -- Marine biology needed to assess the safety of a program of disposal of high-level radioactive waste in the ocean / M.V. Angel, M.J.R. Fasham, A.L. Rice -- New York bight ecosystem / Charles G. Gunnerson -- Deep-ocean dumping of industrial wastes / Duane C. Simpson, Thomas P. O'Connor, P. Kilho Park -- Evaluation of the effects of man-derived wastes on the viability of the Gulf of Mexico / William M. Sackett -- Environmental impacts of deep-ocean mining : the importance of manganese / Charles L. Morgan -- Impacts of manganese nodule mining on the environment : results from pilot-scale mining tests in the north equatorial pacific / E. Ozturgut, J.W. Lavelle, R.E. Burns -- Sediment dispersion and other environmental impacts of deep-ocean mining in the eastern tropical Pacific Ocean / Takashi Ichiye, Michael Carnes. |
| 504 ## - BIBLIOGRAPHY, ETC. NOTE | |
| Bibliography, etc | Includes bibliographical references and indexes. |
| 650 #0 - SUBJECT ADDED ENTRY--TOPICAL TERM | |
| Topical term or geographic name as entry element | Marine pollution. |
| 650 #6 - SUBJECT ADDED ENTRY--TOPICAL TERM | |
| Topical term or geographic name as entry element | Pollution marine. |
| 650 #7 - SUBJECT ADDED ENTRY--TOPICAL TERM | |
| Topical term or geographic name as entry element | marine pollution. |
| Source of heading or term | aat |
| 650 #7 - SUBJECT ADDED ENTRY--TOPICAL TERM | |
| Topical term or geographic name as entry element | Marine pollution. |
| Source of heading or term | fast |
| 700 1# - ADDED ENTRY--PERSONAL NAME | |
| Personal name | Geyer, Richard A. |
| 830 #0 - SERIES ADDED ENTRY--UNIFORM TITLE | |
| Uniform title | Elsevier oceanography series ; |
| Volume number/sequential designation | v. 27, pt. 2. |
| 852 ## - LOCATION/CALL NUMBER | |
| Location | IMU Kochi Library |
| 856 ## - ELECTRONIC LOCATION AND ACCESS | |
| Uniform Resource Identifier | <a href="https://www.sciencedirect.com/science/book/9780444418555">https://www.sciencedirect.com/science/book/9780444418555</a> |
| 856 ## - ELECTRONIC LOCATION AND ACCESS | |
| Uniform Resource Identifier | <a href="https://www.sciencedirect.com/science/bookseries/04229894/27/part/PB">https://www.sciencedirect.com/science/bookseries/04229894/27/part/PB</a> |
| 856 ## - ELECTRONIC LOCATION AND ACCESS | |
| Uniform Resource Identifier | <a href="https://www.sciencedirect.com/science/issue/40094-1981-999729999.7997-691122">https://www.sciencedirect.com/science/issue/40094-1981-999729999.7997-691122</a> |
| 904 ## - LOCAL DATA ELEMENT D, LDD (RLIN) | |
| CATALOGER | Rudra Ranjan |
| 905 ## - LOCAL DATA ELEMENT E, LDE (RLIN) | |
| VERIFIER | Rudra Ranjan |
| 942 ## - ADDED ENTRY ELEMENTS (KOHA) | |
| Item type | E-Book |
| 338 ## - | |
| -- | online resource |
| 650 #6 - SUBJECT ADDED ENTRY--TOPICAL TERM | |
| -- | (CaQQLa)201-0005872 |
| 650 #7 - SUBJECT ADDED ENTRY--TOPICAL TERM | |
| -- | (CStmoGRI)aat300055356 |
| 650 #7 - SUBJECT ADDED ENTRY--TOPICAL TERM | |
| -- | (OCoLC)fst01009826 |
No items available.